[Event "1st Bangalore GM-Open-A 2024"]
[Site "Bangalore"]
[Date "2024.01.25"]
[Round "9.31"]
[White "Ajay Santhosh Parvathareddy"]
[Black "Savchenko, Boris"]
[Result "0-1"]
[WhiteElo "2204"]
[BlackElo "2489"]
[Annotator "TA"]
[PlyCount "106"]
[EventDate "2024.01.20"]
[EventType "swiss"]
[EventCountry "IND"]
[SourceTitle "playchess.com"]
[Source "ChessBase"]
[SourceQuality "1"]
[TimeControl "5400+30"]

{[%evp 9,106,9,3,-8,23,0,28,24,34,-38,-25,-33,-38,-35,0,0,0,-88,-88,-89,-81,-77,-75,-82,-88,-80,-83,-99,-103,-96,-97,-100,-92,-241,-222,-222,-234,-238,-237,-236,-235,-241,-240,-245,-241,-255,-229,-242,-225,-245,-238,-244,-241,-248,-248,-248,-248,-246,-247,-305,-268,-382,-375,-530,-550,-444,-224,-599,-597,-705,-661,-1283,-1177,-1320,-1318,-987,-326,-250,-137,-1800,-1706,-6079,-6052,-4517,-2824,-29980,-29981,-29981,-8,-29982,-29983,-29980,-29981,-29988,-29989,-29989,-29990,-29992,-29992]} 1. d4 {[%emt 0:00:01]} d5 {[%emt 0:00:36]} 2. Nf3 {[%emt 0:00:07]} c5 {[%emt 0:01:11]} 3. e3 {[%emt 0:00:09]} cxd4 {[%emt 0:00:09]} 4. exd4 {[%emt 0:00:04]} Nc6 {[%emt 0:00:10]} 5. c4 {[%emt 0:08:32]} Nf6 {[%emt 0:00:48]} 6. Bg5 {[%emt 0:02:45]} e6 {[%emt 0:12:21]} 7. cxd5 {[%emt 0:00:12]} Qxd5 {[%emt 0:02:11]} 8. Nc3 {[%emt 0:00:23] White has an edge.} Bb4 {[%emt 0:02:12]} 9. a3 {[%emt 0:12:17]} (9. Bxf6 $14 gxf6 10. Bd3) 9... Bxc3+ $15 {[%emt 0:03:13]} 10. bxc3 {[%emt 0:01:13]} Ne4 {[%emt 0:03:31][%csl LRc3,LRg5]} 11. Bd2 {[%emt 0:03:25]} O-O {[%emt 0:05:19]} 12. c4 {[%emt 0:09:58]} Qf5 {[%emt 0:01:21][%cal Oc6d4] White must now prevent ...Nxd4!} 13. Be3 {[%emt 0:06:20]} (13. Bd3 $11 Nxd4 14. Bb4) 13... Qa5+ $17 {[%emt 0:00:43] Black keeps a firm grip on the game.} 14. Bd2 {[%emt 0:05:15]} Nxd2 {[%emt 0:01:01]} 15. Qxd2 {[%emt 0:00:04]} Rd8 {[%emt 0:02:03]} 16. Qxa5 {[%emt 0:00:15]} Nxa5 {[%emt 0:00:07]} 17. Be2 {[%emt 0:02:53]} b6 {[%emt 0:00:38]} 18. Rb1 {[%emt 0:00:35]} Bb7 {[%emt 0:22:10]} 19. O-O {[%emt 0:09:37]} Rac8 {[%emt 0:05:50][%cal Ob7f3] ...Bxf3! would now be deadly.} 20. c5 {[%emt 0:03:41]} bxc5 {[%emt 0:00:11]} 21. Rb5 {[%emt 0:00:14] [#]} (21. dxc5 $17 {was the only defense.} Rxc5 22. Rfc1 Rxc1+ 23. Rxc1) 21... Ba6 $1 $19 {[%emt 0:00:21]} (21... Bxf3 22. Bxf3 Nc4 23. Rxc5 $15) 22. Rxa5 {[%emt 0:00:05]} Bxe2 {[%emt 0:00:08]} 23. Re1 {[%emt 0:00:14]} Bxf3 {[%emt 0:05:27]} 24. gxf3 {[%emt 0:00:04]} cxd4 {[%emt 0:00:41]} 25. Rxa7 {[%emt 0:00:08][%mdl 4096] Endgame. KRR-KRR} Rc3 {[%emt 0:00:28]} 26. Rd1 {[%emt 0:00:10][%cal Od1d4]} g6 {[%emt 0:02:06]} (26... Rxf3 27. Rxd4 Rc8 28. Rc4 $17) 27. Kg2 {[%emt 0:00:16]} Rd5 {[%emt 0:04:52]} 28. f4 {[%emt 0:02:58]} d3 {[%emt 0:01:21]} 29. Rd2 {[%emt 0:00:40]} Rd4 {[%emt 0:07:29]} 30. Kg3 {[%emt 0:01:46]} Kg7 {[%emt 0:03:14]} 31. a4 {[%emt 0:01:23]} h5 {[%emt 0:03:52]} 32. a5 {[%emt 0:01:22]} Ra3 {[%emt 0:02:56]} 33. a6 {[%emt 0:00:31]} Kf6 {[%emt 0:02:55]} 34. f3 {[%emt 0:00:08]} h4+ {[%emt 0:02:32]} 35. Kxh4 {[%emt 0:00:08]} (35. Kf2 $142) 35... g5+ {[%emt 0:00:15]} (35... Rxf4+ 36. Kg3 Rd4 37. Kf2 $19) 36. Kg3 {[%emt 0:02:59]} (36. Kg4 {was necessary.}) 36... gxf4+ {[%emt 0:00:06]} ({Less strong is} 36... Rxf4 37. Rd7 $17) 37. Kg2 {[%emt 0:00:29]} Rd6 {[%emt 0:00:29]} (37... Rd8 $142 {Threatens to win with ...Rg8+.} 38. h4 Ra1) 38. Kh3 $2 {[%emt 0:07:05]} (38. Rb7) 38... e5 {[%emt 0:00:25]} (38... Raxa6 39. Rxa6 Rxa6 40. Rxd3 $15) 39. Ra8 {[%emt 0:01:35]} Rdxa6 {[%emt 0:01:09]} 40. Rxa6+ {[%emt 0:00:10]} Rxa6 {[%emt 0:00:04]} 41. Rxd3 {[%emt 0:00:04] KR-KR} Ra2 {[%emt 0:00:17]} 42. Rb3 {[%emt 0:02:40]} Rf2 $2 {[%emt 0:00:31]} (42... Kf5 43. Rc3 Rf2) 43. Kg4 {[%emt 0:02:06] [#]} Kg6 {[%emt 0:00:10]} ({And not} 43... Rxh2 44. Rb6+ Kg7 45. Kf5 $11) (43... Rg2+ $1 $19 44. Kh3 Rg8) 44. Kh3 $2 {[%emt 0:00:45][%mdl 8192]} (44. Rb6+ $17 f6 45. Rd6) 44... Kg5 {[%emt 0:00:10] And now ...f5 would win.} 45. Ra3 {[%emt 0:01:36]} f5 {[%emt 0:00:09]} 46. Rb3 {[%emt 0:00:22]} e4 {[%emt 0:00:10]} 47. Ra3 {[%emt 0:00:03]} e3 {[%emt 0:00:11]} ({Stronger than} 47... Rxf3+ 48. Rxf3 exf3 $11) 48. Ra2 {[%emt 0:00:03]} Rxf3+ {[%emt 0:00:22]} 49. Kg2 {[%emt 0:00:05]} Kg4 {[%emt 0:00:06] Black mates.} 50. Kg1 {[%emt 0:02:27]} Rh3 {[%emt 0:00:06]} 51. Ra8 {[%emt 0:00:35]} f3 {[%emt 0:00:11]} 52. Re8 {[%emt 0:00:27]} Kf4 {[%emt 0:00:09]} 53. Kh1 {[%emt 0:00:12]} Rh7 {[%emt 0:00:10] Weighted Error Value: White=0.74/Black=0.18 (very precise) .  Loses game:     	White=1     	---        Mistake:       	White=6     	Black=1      Inaccurate:     	White=2     	Black=3      OK:         	White=11    	Black=21     Best:        	White=1     	Black=5      Strong:       	---       	Black=1} 0-1

[Event "1st Bangalore GM-Open-A 2024"]
[Site "Bangalore"]
[Date "2024.01.25"]
[Round "9.32"]
[White "Sharma Isha"]
[Black "Sammed Jaykumar, Shete"]
[Result "1-0"]
[WhiteElo "2183"]
[BlackElo "2441"]
[Annotator "RC"]
[PlyCount "87"]
[EventDate "2024.01.20"]
[EventType "swiss"]
[EventCountry "IND"]
[SourceTitle "playchess.com"]
[Source "ChessBase"]
[SourceQuality "1"]
[TimeControl "5400+30"]

1. e4 {[%emt 0:00:07]} c5 {[%emt 0:00:10]} 2. Nf3 {[%emt 0:00:05]} d6 {[%emt 0:00:13]} 3. d4 {[%emt 0:00:06]} cxd4 {[%emt 0:00:05]} 4. Nxd4 {[%emt 0:00:03]} Nf6 {[%emt 0:00:07]} 5. Nc3 {[%emt 0:00:03]} a6 {[%emt 0:00:22]} 6. Be2 {[%emt 0:00:06]} e5 {[%emt 0:00:06]} 7. Nb3 {[%emt 0:00:03]} Be7 {[%emt 0:00:24]} 8. Be3 {[%emt 0:00:07]} Be6 {[%emt 0:00:16]} 9. Nd5 {[%emt 0:00:12]} Nbd7 {[%emt 0:01:03]} 10. Qd3 {[%emt 0:00:20]} O-O {[%emt 0:00:45]} 11. O-O {[%emt 0:01:17]} Bxd5 {[%emt 0:04:29]} 12. exd5 {[%emt 0:00:08]} Ne8 {[%emt 0:00:33]} 13. a4 {[%emt 0:05:04]} Bg5 {[%emt 0:01:08]} 14. a5 {[%emt 0:02:09]} Rc8 {[%emt 0:04:06]} 15. c4 {[%emt 0:01:06]} g6 {[%emt 0:01:17]} 16. f4 {[%emt 0:05:10]} exf4 {[%emt 0:05:15]} 17. Bxf4 {[%emt 0:00:20]} Bxf4 {[%emt 0:07:05]} 18. Rxf4 {[%emt 0:00:07]} Nc5 {[%emt 0:06:17]} 19. Qc3 {[%emt 0:04:25]} Qe7 {[%emt 0:06:32]} 20. Nd4 {[%emt 0:06:24]} Nf6 {[%emt 0:03:08]} 21. b4 {[%emt 0:05:04]} Qe5 {[%emt 0:05:36]} 22. Raf1 {[%emt 0:06:22]} Ncd7 {[%emt 0:03:54]} 23. Qd2 {[%emt 0:17:57]} Rce8 {[%emt 0:01:10]} 24. g3 {[%emt 0:02:33]} Ne4 {[%emt 0:01:33]} 25. Qd3 {[%emt 0:02:02]} Ng5 {[%emt 0:04:47]} 26. Kg2 {[%emt 0:01:23]} h5 {[%emt 0:01:02]} 27. h4 {[%emt 0:09:14]} Nh7 {[%emt 0:00:27]} 28. Bd1 {[%emt 0:00:07]} Qe3 {[%emt 0:01:51]} 29. R4f3 {[%emt 0:07:33]} Qe7 {[%emt 0:00:44]} 30. Rf4 {[%emt 0:01:42]} Ne5 {[%emt 0:03:48]} 31. Qc3 {[%emt 0:00:23]} Rc8 {[%emt 0:01:21]} 32. Be2 {[%emt 0:00:04]} Rc7 {[%emt 0:01:56]} 33. Nb3 {[%emt 0:08:28]} g5 {[%emt 0:09:25]} 34. hxg5 {[%emt 0:01:25]} Ng6 {[%emt 0:00:05]} 35. Nd4 {[%emt 0:10:37]} Nxf4+ {[%emt 0:04:10]} 36. gxf4 {[%emt 0:00:05]} Qe4+ {[%emt 0:00:07]} 37. Rf3 {[%emt 0:00:05]} Re8 {[%emt 0:00:28]} 38. Bd3 {[%emt 0:01:09]} Qe1 {[%emt 0:00:19]} 39. Qb2 {[%emt 0:00:50]} Rce7 {[%emt 0:01:52]} 40. Rf2 {[%emt 0:03:55]} f6 {[%emt 0:05:35]} 41. Nf5 {[%emt 0:00:05]} Rd7 {[%emt 0:00:04]} 42. Rf1 {[%emt 0:00:17]} Rde7 {[%emt 0:02:09]} 43. Rxe1 {[%emt 0:00:41]} Rxe1 {[%emt 0:00:04]} 44. g6 {[%emt 0:00:36]} 1-0

[Event "1st Bangalore GM-Open-A 2024"]
[Site "Bangalore"]
[Date "2024.01.25"]
[Round "9.33"]
[White "De Silva, L M S T"]
[Black "Pujari, Rucha"]
[Result "1-0"]
[WhiteElo "2398"]
[BlackElo "2181"]
[Annotator "TA"]
[PlyCount "77"]
[EventDate "2024.01.20"]
[EventType "swiss"]
[EventCountry "IND"]
[SourceTitle "playchess.com"]
[Source "ChessBase"]
[SourceQuality "1"]
[TimeControl "5400+30"]

{[%evp 10,76,41,37,49,10,16,22,8,12,28,25,27,18,33,32,17,15,51,28,89,81,113,125,90,109,106,56,104,97,160,168,430,408,419,416,399,408,393,396,402,422,412,370,964,958,782,1231,1317,1212,1311,1242,2385,2224,1716,2858,2836,2858,2083,1425,5218,1431,1435,1386,1229,1116,29998,29999,29999]} 1. e4 {[%emt 0:00:26]} e5 {[%emt 0:00:09]} 2. Nf3 {[%emt 0:00:21]} Nc6 {[%emt 0:00:03]} 3. Bc4 {[%emt 0:00:10]} Nf6 {[%emt 0:00:15]} 4. d3 {[%emt 0:00:12]} Be7 {[%emt 0:00:26]} 5. O-O {[%emt 0:00:29]} d6 {[%emt 0:01:09]} 6. a4 {[%emt 0:00:23]} O-O {[%emt 0:01:44]} 7. Nc3 {[%emt 0:00:09][%cal Bb1c3,Bc3e2,Be2g3][%mdl 32]} Bg4 {[%emt 0:09:45][%cal Bc8g4,Bg4h5,Bh5g6][%mdl 32]} 8. h3 {[%emt 0:00:25]} Bh5 {[%emt 0:02:11] The position is equal.} 9. Be3 {[%emt 0:02:27]} Nb4 {[%emt 0:02:50]} 10. g4 {[%emt 0:08:05]} Bg6 {[%emt 0:22:34]} 11. Bb3 {[%emt 0:06:15]} c6 {[%emt 0:04:40]} 12. Ne2 $36 {[%emt 0:02:52][%mdl 2048] Black is under pressure.} Qc7 {[%emt 0:02:24]} 13. Ng3 {[%emt 0:02:16]} d5 {[%emt 0:04:25][%cal Rd5e4]} 14. Nh4 $1 {[%emt 0:01:56]} dxe4 {[%emt 0:01:59]} (14... Rad8 $11) 15. dxe4 $16 {[%emt 0:05:15]} Nd7 {[%emt 0:08:03]} (15... Bxe4 $2 16. g5 Bxc2 17. Bxc2 $18) 16. Nxg6 {[%emt 0:08:31]} hxg6 {[%emt 0:00:07]} 17. c3 {[%emt 0:05:31] Wards off c5} Na6 {[%emt 0:00:24]} 18. g5 {[%emt 0:04:20] White is more active.} ({White should try} 18. Ba2 $16) 18... Nac5 {[%emt 0:02:37]} (18... Bc5 $14 {deserves consideration.}) 19. Ba2 {[%emt 0:01:31]} Rad8 {[%emt 0:04:35]} (19... Rfd8 $142) 20. h4 {[%emt 0:01:57] Qg4 would now be deadly.} Qc8 $2 {[%emt 0:09:10]} (20... Ne6 {was necessary.} 21. Bxe6 (21. Bxa7 $2 b6 $19) 21... Nc5 22. Bxf7+ Rxf7) 21. Qe2 {[%emt 0:12:37] h5 is the strong threat.} Rfe8 {[%emt 0:09:58]} 22. b4 {[%emt 0:02:55]} Ne6 {[%emt 0:00:19]} 23. Bxe6 $1 {[%emt 0:02:43]} (23. Bxa7 Nf4 24. Qg4 c5 $16) 23... fxe6 {[%emt 0:00:10]} 24. h5 {[%emt 0:00:02]} (24. Bxa7 c5 25. Qb5 Nb8 $14) 24... Nf8 {[%emt 0:08:41]} 25. hxg6 {[%emt 0:00:10]} (25. Bxa7 c5 26. Kg2 (26. Bb6 Rd7 $16) 26... cxb4 $16) 25... Nxg6 {[%emt 0:00:16]} 26. Qh5 {[%emt 0:00:34]} ({Weaker is} 26. Bxa7 Nf4 27. Qg4 Bxg5 $14) 26... Nf4 {[%emt 0:00:24] [#]} (26... Kf7 27. f4 (27. Bxa7 Rh8 $17) 27... Rh8 28. fxe5+ Bf6) 27. Bxf4 $1 $18 {[%emt 0:01:29]} exf4 {[%emt 0:00:03] [#]} 28. g6 $1 {[%emt 0:00:06] Qh7+ would kill now.} Bf6 {[%emt 0:00:41]} 29. e5 {[%emt 0:00:32]} Bxe5 {[%emt 0:01:54]} 30. Qxe5 {[%emt 0:00:08]} fxg3 {[%emt 0:00:08]} 31. Qh5 {[%emt 0:00:14]} ({Inferior is} 31. Qxg3 e5 $11) 31... Rd5 {[%emt 0:01:55]} 32. Qh7+ {[%emt 0:00:10]} Kf8 {[%emt 0:00:02][%cal Bg8f8,Bf8e7,Be7d6,Bd6c7,Bc7d7][%mdl 32]} 33. fxg3+ {[%emt 0:01:00]} Ke7 {[%emt 0:00:02]} 34. c4 {[%emt 0:03:11] Intending Rf7+ and mate.} Rd7 {[%emt 0:02:49]} 35. Qh4+ {[%emt 0:01:39]} (35. Qxg7+ $142 Kd8 36. Qf6+ Kc7 37. Qe5+ Kd8 38. g7) 35... Kd6 {[%emt 0:00:12]} 36. Rad1+ {[%emt 0:00:08]} Kc7 {[%emt 0:00:18]} 37. Rxd7+ {[%emt 0:00:09]} Kxd7 {[%emt 0:00:22]} 38. Rf7+ {[%emt 0:00:05]} Kd6 {[%emt 0:00:11]} 39. Qd4# {[%emt 0:00:04] Weighted Error Value: White=0.07 (flawless) /Black=0.52.  Mistake:       	White=1     	Black=5      Inaccurate:     	White=1     	Black=1      OK:         	White=10    	Black=6      Best:        	White=2     	Black=2      Strong:       	White=3     	---} 1-0

[Event "1st Bangalore GM-Open-A 2024"]
[Site "Bangalore"]
[Date "2024.01.25"]
[Round "9.34"]
[White "Tologon tegin, Semetei"]
[Black "Gaurav Rajesh Zagade"]
[Result "1-0"]
[WhiteElo "2384"]
[BlackElo "2132"]
[Annotator "RC"]
[PlyCount "141"]
[EventDate "2024.01.20"]
[EventType "swiss"]
[EventCountry "IND"]
[SourceTitle "playchess.com"]
[Source "ChessBase"]
[SourceQuality "1"]

1. g3 Nf6 2. Bg2 g6 3. e4 d6 4. d4 Bg7 5. Ne2 O-O 6. h3 e5 7. Nbc3 Nbd7 8. O-O Re8 9. Re1 c6 10. a4 exd4 11. Nxd4 a5 12. Bf4 Ne5 13. b3 Qc7 14. Qd2 b6 15. Bh6 Bb7 16. Bxg7 Kxg7 17. Qg5 Nfd7 18. Rad1 f6 19. Qd2 Nf7 20. f4 Rad8 21. h4 Nc5 22. g4 Bc8 23. Bf3 h6 24. Qg2 g5 25. Nce2 gxf4 26. Nxf4 Re5 27. Nh5+ Kg6 28. Rf1 Rg8 29. Nf5 Qd8 30. Kh1 Kh7 31. Nfg3 Be6 32. Be2 Nd7 33. Rf4 Rg6 34. Rdf1 Rc5 35. Bd1 Nfe5 36. Nf5 Bxf5 37. Rxf5 Nf7 38. Nf4 Rxf5 39. exf5 Rg8 40. Qxc6 Nde5 41. Qb7 Qc8 42. Qxc8 Rxc8 43. Kg2 Nd7 44. Rf2 Nfe5 45. Rd2 Rc6 46. Be2 Kg8 47. Bb5 Rc3 48. Nd5 Rc5 49. Ne3 Rc3 50. Nd1 Rc7 51. Ne3 Rc3 52. Nd5 Rc5 53. c4 Kf7 54. Re2 Rxd5 55. cxd5 Nc5 56. Kg3 Nxb3 57. Rb2 Nc5 58. Bc6 Ne4+ 59. Kh3 Nc4 60. Re2 Nc5 61. Re8 Nb2 62. Rb8 Nbxa4 63. Bxa4 Nxa4 64. Rb7+ Kf8 65. g5 fxg5 66. hxg5 hxg5 67. Kg4 Nc3 68. Rxb6 Ke7 69. Kxg5 Nxd5 70. Ra6 Nc3 71. Ra7+ 1-0

[Event "1st Bangalore GM-Open-A 2024"]
[Site "Bangalore"]
[Date "2024.01.25"]
[Round "9.35"]
[White "Aquino, Jethro Dino"]
[Black "Thejkumar, M. S."]
[Result "1/2-1/2"]
[WhiteElo "2166"]
[BlackElo "2372"]
[Annotator "TA"]
[PlyCount "60"]
[EventDate "2024.01.20"]
[EventType "swiss"]
[EventCountry "IND"]
[SourceTitle "playchess.com"]
[Source "ChessBase"]
[SourceQuality "1"]

1. e4 c6 2. d4 d5 3. f3 g6 4. Nc3 Bg7 5. Be3 Qb6 6. Rb1 e5 7. Nge2 Ne7 8. Qd2 exd4 9. Bxd4 Bxd4 10. Qxd4 Qxd4 11. Nxd4 O-O 12. exd5 cxd5 13. Ndb5 Nbc6 14. Nc7 Rb8 15. N7xd5 Nxd5 16. Nxd5 Be6 17. Bc4 Kg7 18. Ne3 Bxc4 19. Nxc4 Nb4 20. Ne3 Rbc8 21. c3 Rfe8 22. cxb4 Rxe3+ 23. Kf2 Rd3 24. Rhd1 Rc2+ 25. Kg3 Rxd1 26. Rxd1 Rxb2 27. a3 Rb3 28. Rd7 Rxa3 29. Rxb7 h5 30. h4 Ra2 1/2-1/2

[Event "1st Bangalore GM-Open-A 2024"]
[Site "Bangalore"]
[Date "2024.01.25"]
[Round "9.36"]
[White "Sathvik Adiga"]
[Black "Gonzales, Jayson"]
[Result "1-0"]
[WhiteElo "2142"]
[BlackElo "2367"]
[Annotator "RC"]
[PlyCount "112"]
[EventDate "2024.01.20"]
[EventType "swiss"]
[EventCountry "IND"]
[SourceTitle "playchess.com"]
[Source "ChessBase"]
[SourceQuality "1"]

1. e4 e6 2. d4 d5 3. Nc3 Nc6 4. e5 f6 5. Bb5 Bd7 6. Nf3 Bb4 7. O-O Qe7 8. Qe2 a6 9. Bd3 f5 10. Bf4 Nh6 11. Bxh6 gxh6 12. Qe3 Qg7 13. Ne2 Be7 14. c3 Rg8 15. Nf4 Na5 16. g3 Qf7 17. b4 Nc6 18. h4 Kf8 19. Rae1 Be8 20. c4 Nxb4 21. cxd5 Nxd5 22. Nxd5 exd5 23. Qxh6+ Rg7 24. Qf4 Bd7 25. e6 Bxe6 26. Qe5 Rg6 27. Qxc7 Bb4 28. Qxf7+ Bxf7 29. Rb1 a5 30. Ne5 Rg7 31. Bxf5 Be8 32. Nd3 Bb5 33. Rfd1 Bc4 34. a4 Bd6 35. Rb6 Rd8 36. Ne5 Ba6 37. Kg2 Rc7 38. Re1 Kg7 39. h5 Re7 40. h6+ Kf8 41. Re3 Kg8 42. f4 Bc7 43. Rf6 Rd6 44. Rxd6 Bxd6 45. Ng4 Rxe3 46. Nxe3 Bf8 47. Be6+ Kh8 48. Bxd5 Bxh6 49. Bc4 Bg7 50. Bxa6 bxa6 51. d5 Kg8 52. Kf3 Kf7 53. Ke4 Bc3 54. g4 Ke7 55. Nc4 Be1 56. d6+ Kd7 1-0

[Event "1st Bangalore GM-Open-A 2024"]
[Site "Bangalore"]
[Date "2024.01.25"]
[Round "9.37"]
[White "Aakash Sharadchandra, Dalvi"]
[Black "Jain Kashish Manoj"]
[Result "1-0"]
[WhiteElo "2180"]
[BlackElo "2334"]
[Annotator "RC"]
[PlyCount "115"]
[EventDate "2024.01.20"]
[EventType "swiss"]
[EventCountry "IND"]
[SourceTitle "playchess.com"]
[Source "ChessBase"]
[SourceQuality "1"]

1. d4 d5 2. c4 c6 3. Nf3 Nf6 4. Nc3 e6 5. Bg5 h6 6. Bh4 Nbd7 7. e3 g5 8. Bg3 Nh5 9. Be5 Nxe5 10. Nxe5 Nf6 11. Qc2 Nd7 12. Nf3 Bg7 13. O-O-O Qe7 14. Kb1 O-O 15. h4 g4 16. Ng1 Nb6 17. cxd5 exd5 18. Nge2 Nc4 19. Ng3 Nd6 20. Bd3 f5 21. Nh5 Ne4 22. Nf4 Qf7 23. f3 Nxc3+ 24. bxc3 h5 25. fxg4 hxg4 26. h5 Bh6 27. Ng6 Re8 28. Ne5 Rxe5 29. dxe5 Be6 30. Rdf1 Rf8 31. g3 Bxe3 32. Rh2 c5 33. h6 c4 34. Qe2 d4 35. Be4 Qe7 36. Bc2 Bg5 37. cxd4 Qb4+ 38. Ka1 Qc3+ 39. Kb1 Qb4+ 40. Ka1 Qc3+ 41. Kb1 Be3 42. Qe1 Qa3 43. d5 Bd4 44. Qc1 Qb4+ 45. Bb3 cxb3 46. Qg5+ Kf7 47. Qf6+ Ke8 48. Qxe6+ Kd8 49. Qd6+ Qxd6 50. exd6 bxa2+ 51. Kxa2 Kd7 52. Rh5 Kxd6 53. Rfxf5 Re8 54. h7 b5 55. Rf4 Bh8 56. Rxg4 Re2+ 57. Kb1 b4 58. Rxb4 1-0

[Event "1st Bangalore GM-Open-A 2024"]
[Site "Bangalore"]
[Date "2024.01.25"]
[Round "9.38"]
[White "Mukund Hemant Agarwal"]
[Black "Ram Aravind L N"]
[Result "1-0"]
[WhiteElo "1852"]
[BlackElo "2332"]
[Annotator "TA"]
[PlyCount "71"]
[EventDate "2024.01.20"]
[EventType "swiss"]
[EventCountry "IND"]
[SourceTitle "playchess.com"]
[Source "ChessBase"]
[SourceQuality "1"]

1. e4 c5 2. Nf3 e6 3. c3 Nf6 4. e5 Nd5 5. d4 cxd4 6. cxd4 Nc6 7. Bc4 Nb6 8. Bb3 d6 9. Qe2 Be7 10. O-O O-O 11. Nc3 a6 12. Rd1 d5 13. Bf4 Bd7 14. Rac1 Rc8 15. Bc2 f5 16. exf6 Bxf6 17. Bg3 Qe7 18. Qd3 g6 19. b3 Bg7 20. Qe3 Qb4 21. Ne2 Rce8 22. h4 Ne7 23. Be5 Bb5 24. Bxg7 Kxg7 25. Qe5+ Rf6 26. Nf4 Nc6 27. Qg5 Rxf4 28. Qxf4 e5 29. Qe3 e4 30. a4 exf3 31. Qxe8 Be2 32. h5 Qd6 33. hxg6 hxg6 34. Rd2 Qf4 35. Qxg6+ Kf8 36. Qf5+ 1-0

[Event "1st Bangalore GM-Open-A 2024"]
[Site "Bangalore"]
[Date "2024.01.25"]
[Round "9.39"]
[White "Manigandan, S S"]
[Black "Nguyen, Duc Hoa"]
[Result "1/2-1/2"]
[WhiteElo "2016"]
[BlackElo "2322"]
[Annotator "RC"]
[PlyCount "214"]
[EventDate "2024.01.20"]
[EventType "swiss"]
[EventCountry "IND"]
[SourceTitle "playchess.com"]
[Source "ChessBase"]
[SourceQuality "1"]

1. d4 Nf6 2. Nf3 g6 3. c4 Bg7 4. Nc3 O-O 5. e4 d6 6. Be2 Bg4 7. Ng1 Bd7 8. Nf3 Bg4 9. Ng1 Bd7 10. Nf3 e5 11. O-O exd4 12. Nxd4 Nc6 13. Be3 Re8 14. f3 Nh5 15. Qd2 Nxd4 16. Bxd4 Bxd4+ 17. Qxd4 Nf4 18. Rfe1 Qg5 19. Bf1 Re5 20. g3 Ne6 21. Qf2 Ra5 22. b4 Ra6 23. f4 Qd8 24. c5 b5 25. f5 Ng5 26. h4 Ra3 27. Rac1 dxc5 28. hxg5 Qxg5 29. Qxc5 Qxg3+ 30. Bg2 a5 31. Re3 Qh4 32. bxa5 Qg5 33. Rce1 R8xa5 34. Qxc7 b4 35. Qb8+ Kg7 36. Qxb4 gxf5 37. Qd4+ Kg6 38. Qxd7 f4 39. Qd6+ f6 40. Rd3 Rc5 41. Qd4 Rcxc3 42. Rxc3 Rxa2 43. Qf2 Rxf2 44. Kxf2 Qe5 45. Rf3 Qd4+ 46. Kf1 Kg5 47. Bh3 h5 48. Bf5 Qd2 49. Re2 Qd1+ 50. Kf2 Qh1 51. Rh3 Qd1 52. Re1 Qc2+ 53. Kf1 Qd2 54. Re2 Qd1+ 55. Kf2 h4 56. Re1 Qd2+ 57. Kf1 Qd4 58. Rf3 Qd2 59. Re2 Qd1+ 60. Kf2 Qh1 61. Bh3 Qd1 62. Re1 Qd2+ 63. Kf1 Qd4 64. Bf5 Qd2 65. Bh3 Qd4 66. Re2 Qc4 67. Bf5 Qb5 68. Kf2 Qc4 69. Rd2 Qc1 70. Rfd3 Qh1 71. Rh3 Qc1 72. Re2 Qd1 73. Re1 Qd2+ 74. Kf1 Qd4 75. Rf3 Qd2 76. Bh3 Qd4 77. Re2 Qc4 78. Kf2 Qb5 79. Rd2 Qc5+ 80. Kg2 Kh6 81. Bf5 Kg5 82. Kh3 Qc1 83. Rg2+ Kh5 84. Kh2 Qc7 85. Rgf2 Kg5 86. Kh3 Qc1 87. Rf1 Qd2 88. Rxf4 Kh6 89. Rxh4+ Kg7 90. Rg1+ Kf8 91. Rh8+ Kf7 92. Rh7+ Kf8 93. Rg3 Qd1 94. Kh2 Qd2+ 95. Kh3 Qd1 96. Rh8+ Kf7 97. Rhg8 Qh1+ 98. Kg4 Kxg8 99. Kf4+ Kf7 100. Rh3 Qf1+ 101. Ke3 Qc1+ 102. Kf3 Qc3+ 103. Kg4 Qd2 104. Rh7+ Kg8 105. Kf3 Qd3+ 106. Kf2 Qd2+ 107. Kf3 Qd3+ 1/2-1/2

[Event "1st Bangalore GM-Open-A 2024"]
[Site "Bangalore"]
[Date "2024.01.25"]
[Round "9.40"]
[White "Apoorv Kamble"]
[Black "Dhananjay S"]
[Result "1-0"]
[WhiteElo "2308"]
[BlackElo "2151"]
[Annotator "TA"]
[PlyCount "84"]
[EventDate "2024.01.20"]
[EventType "swiss"]
[EventCountry "IND"]
[SourceTitle "playchess.com"]
[Source "ChessBase"]
[SourceQuality "1"]

1. e4 c6 2. d4 d5 3. Nd2 dxe4 4. Nxe4 Nf6 5. Nxf6+ exf6 6. c3 Bd6 7. Bd3 O-O 8. Ne2 Re8 9. O-O Nd7 10. Ng3 g6 11. Bh6 Nf8 12. Qd2 Ne6 13. Rfe1 Bd7 14. b4 a5 15. a3 axb4 16. axb4 Rxa1 17. Rxa1 f5 18. Re1 Qf6 19. Bc4 Be7 20. Bf4 Nxf4 21. Qxf4 Kg7 22. Qd2 Ra8 23. Ne2 Bd6 24. Nc1 b5 25. Bb3 Qh4 26. g3 Qh3 27. Nd3 Ra3 28. Bd1 Be6 29. Bf3 Qh6 30. Qd1 Bb3 31. Qc1 Qxc1 32. Rxc1 Bc4 33. Ne1 f4 34. Bxc6 fxg3 35. hxg3 h5 36. Ng2 g5 37. Ne3 Kf6 38. Nxc4 bxc4 39. Bd5 h4 40. Kg2 Ra7 41. gxh4 gxh4 42. Rc2 Rd7 1-0

[Event "1st Bangalore GM-Open-A 2024"]
[Site "Bangalore"]
[Date "2024.01.26"]
[Round "10.1"]
[White "Sethuraman, S.P."]
[Black "Ghosh, Diptayan"]
[Result "1/2-1/2"]
[WhiteElo "2594"]
[BlackElo "2568"]
[Annotator "TA"]
[PlyCount "60"]
[EventDate "2024.01.20"]
[EventType "swiss"]
[EventCountry "IND"]
[SourceTitle "playchess.com"]
[Source "ChessBase"]
[SourceQuality "1"]

1. e4 c5 2. Nf3 e6 3. d4 cxd4 4. Nxd4 Nf6 5. Nc3 Nc6 6. a3 d6 7. h3 Be7 8. Be3 O-O 9. Qd2 Nxd4 10. Qxd4 Bd7 11. g4 Bc6 12. Bg2 b5 13. g5 Nd7 14. h4 a5 15. Ne2 f5 16. gxf6 Nxf6 17. O-O-O Qc7 18. Qd3 e5 19. Ng3 Bd7 20. Bh3 b4 21. Bxd7 Qxd7 22. Nf5 bxa3 23. bxa3 Rfc8 24. Rhg1 Bf8 25. Bg5 Qe6 26. Rg3 Ra7 27. Rd2 Rac7 28. Bxf6 Qxf6 29. h5 Kh8 30. Qb3 Rc4 1/2-1/2

[Event "1st Bangalore GM-Open-A 2024"]
[Site "Bangalore"]
[Date "2024.01.26"]
[Round "10.2"]
[White "Srihari L R"]
[Black "Short, Nigel D"]
[Result "1/2-1/2"]
[WhiteElo "2469"]
[BlackElo "2592"]
[Annotator "RC"]
[PlyCount "72"]
[EventDate "2024.01.20"]
[EventType "swiss"]
[EventCountry "IND"]
[SourceTitle "playchess.com"]
[Source "ChessBase"]
[SourceQuality "1"]

1. c4 e5 2. Nc3 d6 3. Nf3 f5 4. g3 Be7 5. d4 e4 6. Ng1 Nf6 7. Nh3 c6 8. Nf4 Na6 9. h4 Nc7 10. Qb3 O-O 11. d5 cxd5 12. Ncxd5 Nfxd5 13. cxd5 Bf6 14. Bh3 Be5 15. Be3 b6 16. O-O Bb7 17. Rfd1 Qf6 18. Rac1 Rfc8 19. Rc2 Qf7 20. Rdc1 Bxf4 21. Bxf4 Nxd5 22. Bxd6 Rxc2 23. Rxc2 Qe6 24. Ba3 a5 25. e3 Ba6 26. Bf1 Bxf1 27. Kxf1 Rd8 28. Kg1 h6 29. Rd2 Kf7 30. Qc4 Rd7 31. b3 Nf6 32. Rxd7+ Nxd7 33. Qc7 Qd5 34. Bb2 g5 35. hxg5 Qd1+ 36. Kg2 Qf3+ 1/2-1/2